| 000 | 00955 a2200241 4500 | ||
|---|---|---|---|
| 005 | 20080924165038.0 | ||
| 008 | 080924t xxu||||| |||| 00| 0 eng d | ||
| 010 | _aENG-87854 | ||
| 020 |
_a8189915673 _c480.00 |
||
| 035 | _aEN-71387 | ||
| 037 | _bD.B.Act / Pub | ||
| 082 | _a368.954 | ||
| 100 | _aSajid Ali | ||
| 245 |
_aInsurance in India _cby Sajid Ali, Riyaz Mohammad and Masharique Ahmad |
||
| 260 |
_aNew Delhi _bRegal Publications _c2007 |
||
| 270 |
_aF-159, Rajouri Garden _bNew Delhi _e110 027 _k011-45546396 _mregalbookspub@yahoo.com |
||
| 300 |
_axii, 160 p. _c23 cm. (Hb.) |
||
| 500 | _aIncludes bibliograpgical references and index | ||
| 700 | _aRiyaz Mohammad | ||
| 700 | _aMasharique Ahmad | ||
| 942 |
_adpl _cEN _k368.954 / SAJ _2ddc _h368.954 _mSAJ |
||
| 999 |
_c7191 _d7191 |
||